01254nam a2200277 a 4500001001000000005001700010041000800027044000700035084002000042100004500062245008200107260003500189300002400224440002100248500012200269500008700391500017400478500001000652546002400662650005200686650005600738650003400794650004500828700005300873740005000926BRCA_344120190320204302.0 aita ait a730b.T74c18761 aCervantes Saavedra, Miguel ded1547-161610aStoria dell´ammirable Don Chisciote della Manciacper Cervantes de Saavedra. aMilánbFratelli Trevesc1876 a308 p.bil.c18 cm. 0aPrime Letturev1 aContenido : Advertencia del traductor. Texto compendiado de ambas partes, vertido al italiano por traductor anónimo aEdición : Nuova edizione adattata per la gioventù e illustrata da 64 incisioni aTraducción anónima, abreviada para la juventud y excelentemente impresa. Las ilustraciones son de Bertall. Tela; lomo y planos decorados con dorados Lúdovik Osterc aQM549 aTexto en : italiano14aNovela españolayÉpoca clásica, 1500-170014aLiteratura españolayÉpoca clásica, 1500-170014aNovela españolaySiglo XVII14aDon Quijote (Personaje ficticio)eNovela1 aBertall, ALbert D´Arnouxd1820-1882eIlustrador0 aEl Ingenioso Hidalgo Don Quijote de la Mancha